000 00194 a2200097 4500
020 _a9780817463007
041 _aeng
100 _aBryan Peterson
245 _aUnderstanding Exposure
942 _cBK
999 _c30942
_d30940